Toutes les morts dans Game of Thrones - Statistiques

Statistiques générales
  • Ce quiz a été pris 306 fois
  • Le résultat moyen est 55 sur 110
Statistiques - réponses
Cause de la mort Personnage décédé % Correct
Blessé par un sanglier après avoir bu du vin empoisonné Robert Baratheon
93%
Décapité sur ordre de Joffrey Baratheon Eddard Stark
90%
Ebouillanté avec de l'or fondu par Khal Drogo Viserys Targaryen
89%
Poignardé à mort par Roose Bolton Robb Stark
85%
Ensevelie par l'éboulement du Donjon Rouge Cersei Lannister
83%
Etouffé par son épouse par miséricorde Khal Drogo
83%
Mort au toilettes Tywin Lannister
82%
Enseveli par l'éboulement du Donjon Rouge Jaime Lannister
81%
Egorgée par Walder Rivers Catelyn Stark
80%
Empoisonné par Olenna Tyrell Joffrey Baratheon
80%
Tué par une ombre ayant le visage de Stannis Renly Baratheon
80%
Crâne écrasé par La Montagne Oberyn Martell
78%
Brûlée vive lors de l'explosion du Septuaire de Baelor Margaery Tyrell
77%
Dévoré par ses chiens Ramsay Bolton
77%
Exécuté par Brienne de Torth Stannis Baratheon
77%
Brûlé vif lors de l'explosion du Septuaire de Baelor Loras Tyrell
76%
Transpercé par une flèche par Ramsay Bolton Rickon Stark
76%
Empalé par le Roi de la Nuit Theon Greyjoy
76%
Poignardée par Jon Snow Daenerys Targaryen
75%
Suicide par défenestration Tommen Baratheon
75%
Etranglée par Euron Greyjoy Nymeria Sand
74%
Empalée par Euron Greyjoy Obara Sand
74%
Egorgé par Arya sur ordre de Sansa Petyr Baelish
73%
Empoisonnée par Cersei Lannister Tyene Sand
73%
Empoisonnée par Ellaria Sand Myrcella Baratheon
72%
En poussant son frère du haut du Donjon Rouge Sandor Clegane
72%
Projeté d'un pont par Euron Greyjoy Balon Greyjoy
71%
Suicide par empoisonnement Olenna Tyrell
71%
Poussé par son frère du haut du Donjon Rouge Gregor Clegane
70%
Poussée à travers la Porte de la Lune par Littlefinger Lysa Arryn
69%
Se transforme en poussière après avoir retirer son collier Mélisandre
69%
Egorgé par Arya Stark Walder Frey
69%
Transpercée par une flèche par Olly Ygritte
69%
Poignardé par Ramsay Bolton Roose Bolton
68%
Etranglée par Tyrion Shae
68%
Brûlée vive par Mélissandre Shireen Baratheon
68%
Succombe à ses blessures Jorah Mormont
67%
Brûlé vif lors de l'explosion du Septuaire de Baelor Lancel Lannister
67%
Brûlé vif par Drogon Lord Varys
67%
Empalé par Jaime Lannister Euron Greyjoy
66%
Poignardé par Arya Stark Le Roi de la Nuit
66%
Tué par des spectres pour sauver Bran Hodor
64%
Brûlé vif lors de l'explosion du Septuaire de Baelor Mace Tyrell
63%
Mort de froid des suites de ses blessure Thoros de Myr
63%
Tué par des Spectres en sauvant Jon Snow Benjen Stark
62%
Trahi par ses frères d'armes de la Garde de Nuit Jon Snow
62%
Broyée par un Géant-spectre Lyanna Mormont
62%
Mort de vieillesse Mestre Aemon
62%
Pendu ar Jon Snow Olly
62%
Poignardé, aveuglé et égorgé par Arya Stark Meryn Trant
58%
Tué par les Fils de la Harpie Barristan Selmy
57%
Poignardé par des enfants sur ordre de Qyburn Grand Mestre Pycelle
56%
Brûlé vif lors de l'explosion du Septuaire de Baelor Le Grand Moineau
56%
Dévorée aves son bébé par les chiens de Ramsay Bolton Walda Bolton
56%
Poignardée dans le cou par Ramsay Bolton Osha
55%
Transpercé par un javelot de glace lancé par le Roi de la Nuit Viserion
55%
Poignardé à mort par Rast Jeor Mormont
54%
Tué par Osha pour abréger ses souffrances Mestre Luwin
54%
Poignardé par Ellaria Sand Doran Martell
53%
Transpercé par une flèche par Jon Snow pour lui éviter d'être brûlé Mance Rayder
52%
Crâne éclaté contre un mur Qyburn
52%
Suicide par pendaison Selyse Baratheon
52%
Brûlé vif par Drogon Dickon Tarly
51%
Exécutée par La Montagne Missandei
49%
Touché par plusieurs tirs de Scorpion Rhaegal
49%
Pendu par Jon Snow Alliser Thorne
47%
Brûlé vif par Drogon Randyll Tarly
47%
Empalé par Obara Sand Trystane Martell
46%
Poignardé par un spectre et égorgé par sa soeur par pitié Jojen Reed
45%
Vaincu par Meryn Trant en combat singulier Syrio Forel
43%
Executée par Ned Stark Lady
40%
Exécuté par Theon Greyjoy Rodrik Cassel
40%
Tué par des soldats Lannister et Frey Brynden Tully
35%
Exécuté par Robb Stark Rickard Karstark
35%
Mutilé par des spectres Eté
33%
Abattu par des arbalètes par des archers Frey Vent Gris
33%
Tombée après avoir été poussée par Theon Greyjoy Myranda
32%
Tué par Karl Tanner Craster
31%
Exécuté par Ned Stark Will
30%
Tué sous l'ordre de P'tit-Jon Omble Broussaille
29%
Poignardé plusieurs fois par des spectres Béric Dondarrion
28%
Tué par Mag Mar Tun Doh Weg Grenn
27%
Dague enfoncée dans l'œil par Jaime Lannister Jory Cassel
27%
Exécuté par Jon Snow pour insubordination Janos Slynt
25%
Empalé par Jon Snow Qhorin Mimain
25%
Tué par Fantôme Rast
25%
Transpercé à l'arrière du crâne par Jon Snow Karl Tanner
24%
Torturée par La Montagne Septa Unella
24%
Poignardée à mort par Lothar Frey alors qu'elle était enceinte Talisa Maegyr
23%
Poignardée par des spectres puis se suicide en s'explosant Feuille
22%
Tuée par Arya Stark L'Orpheline
22%
Enfermé dans son coffre fort et laissé pour mort par Daenerys Xaro Xhoan Daxos
21%
Nuque brisée par Hodor sous le contrôle de Bran Stark Locke
20%
Tué d'une fléchette empoisonnée par Jaqen H'Ghar Amory Lorch
18%
Tué par le Roi de la Nuit La Corneille à 3 Yeux
18%
Epée enfoncée dans la nuque par Amory Lorch Yoren
18%
Brûlé vive par Daenerys Mirri Maz Duur
16%
Gorge tranchée par l'Orpheline Dame Cigogne
13%
Flèche dans le cou par Ygritte Pypar
12%
Brûlé vif par les dragons de Daenerys Pyat Pree
11%
Poignardé par un Fils de la Harpie Hizdahr zo Loraq
10%
Décapité par un khalasar rival Rakharo
10%
Poignardé dans le dos par un Spectre Eddison Tallett
8%
Pendu par des pllards de la Fraternité sans Bannières Frère Ray
8%
Tête frappée par un marteau par Jon Snow Styr
8%
Brûlé vif par Drogon Kraznys mo Nakloz
6%
Brûlé vif par Daenerys Khal Moro
5%
Tuée par des enfants-spectres Karsi
3%
Transpercé par une épée par Arya Syark Rorge
3%
Egorgé par Ver Gris Razdal mo Eraz
1%
Aucun quiz correspondant
Distribution des résultats
% des personnes avec chaque résultat
Percentile par nombre de réponses
Votre historique - résultats
Vous n’avez pas pris ce quiz